| 000 | 00768cam a2200241 4500 | ||
|---|---|---|---|
| 008 | #DATE n1999 000 0 eng u | ||
| 035 | _a(Sirsi) u129187 | ||
| 041 | _aeng | ||
| 050 | _a333.33 | ||
| 110 |
_aRoyal Institution of Chartered Surveyors _94900 |
||
| 245 | 4 |
_aThe UK property cycle - a history from 1921 to 1997 _bsummary report |
|
| 260 |
_aLondon _bRICS _c1999 |
||
| 300 |
_a8p. _c30cm. |
||
| 490 | _aRICS Research | ||
| 520 | _aA research project commissioned by the RICS and undertaken by Investment Property Databank. | ||
| 650 | _aIPD | ||
| 650 | _aPROPERTY CYCLES | ||
| 650 | _aPROPERTY PERFORMANCE | ||
| 650 | _aPROPERTY PRICING | ||
| 690 | _aPROPERTY-COMMERCIAL PROPERTY | ||
| 710 |
_aInvestment Property Databank _92288 |
||
| 942 | _n0 | ||
| 999 |
_c104122 _d104122 |
||